[Event "Stjernen CC-ch B"]
[Site "Oslo"]
[Date "2016.??.??"]
[Round "6"]
[White "Lindsjorn, Trygve"]
[Black "Omre, Christian"]
[Result "1-0"]
[WhiteElo "1750"]
[BlackElo "1400"]
[PlyCount "54"]
[EventDate "2016.02.02"]
[EventType "swiss"]
[EventRounds "9"]
[EventCountry "NOR"]
[SourceTitle "EXT 2024"]
[Source "ChessBase"]
[SourceDate "2023.10.10"]
[SourceVersion "1"]
[SourceVersionDate "2023.10.10"]
[SourceQuality "1"]

1. e4 c6 2. d4 d5 3. e5 Bf5 4. Nf3 e6 5. Bd3 Bxd3 6. Qxd3 Nd7 7. Be3 Bb4+ 8. c3 Ba5 9. 0-0 Ne7 10. Nbd2 Nf5 11. b4 Nxe3 12. fxe3 Bc7 13. e4 0-0 14. exd5 cxd5 15. a4 a5 16. b5 b6 17. Qe3 Rc8 18. Rac1 Qe7 19. c4 dxc4 20. Rxc4 h6 21. Rfc1 Qd8 22. Qc3 Re8 23. Rxc7 Rxc7 24. Qxc7 Qe7 25. h3 Qa3 26. Rc3 Qa1+ 27. Kh2 Re7 1-0

[Event "Stjernen Autumn"]
[Site "Oslo"]
[Date "2011.09.06"]
[Round "2"]
[White "Svanholm, Borge Waaktaar"]
[Black "Lindsjorn, Trygve"]
[Result "1-0"]
[WhiteElo "1811"]
[BlackElo "1552"]
[PlyCount "61"]
[EventDate "2011.08.30"]
[EventType "swiss"]
[EventRounds "9"]
[EventCountry "NOR"]
[SourceTitle "EXT 2024"]
[Source "ChessBase"]
[SourceDate "2023.10.10"]
[SourceVersion "1"]
[SourceVersionDate "2023.10.10"]
[SourceQuality "1"]

1. c4 e5 2. g3 Nf6 3. Nc3 d5 4. cxd5 Nxd5 5. Bg2 Nxc3 6. bxc3 c5 7. d3 Qc7 8. Nf3 Nc6 9. 0-0 Be7 10. Bb2 0-0 11. d4 exd4 12. cxd4 cxd4 13. Nxd4 Rd8 14. Qc2 Bf6 15. Nxc6 Bxb2 16. Qxb2 bxc6 17. Rac1 Bb7 18. Rc3 Rab8 19. Qc2 Rd6 20. Rc1 Rc8 21. h4 Qd7 22. Qa4 Ba8 23. Bf3 Rc7 24. Rc5 Rd4 25. Qa6 Rd1+ 26. Rxd1 Qxd1+ 27. Kg2 Qd6 28. Qc4 g6 29. h5 Kg7 30. Qc3+ Qf6 31. h6+ 1-0

[Event "Stjernen CC-ch"]
[Site "Oslo"]
[Date "2011.03.01"]
[Round "3"]
[White "Vestli, Hakon Bjorge"]
[Black "Lindsjorn, Trygve"]
[Result "1-0"]
[WhiteElo "1530"]
[BlackElo "1592"]
[PlyCount "79"]
[EventDate "2011.02.08"]
[EventType "swiss"]
[EventRounds "9"]
[EventCountry "NOR"]
[SourceTitle "EXT 2024"]
[Source "ChessBase"]
[SourceDate "2023.10.10"]
[SourceVersion "1"]
[SourceVersionDate "2023.10.10"]
[SourceQuality "1"]

1. e4 d5 2. exd5 Nf6 3. Nf3 Qxd5 4. Nc3 Qa5 5. Bc4 Bg4 6. h3 Bh5 7. Qe2 e6 8. Qe5 Qxe5+ 9. Nxe5 Nbd7 10. Nxd7 Nxd7 11. d3 Bd6 12. f4 0-0-0 13. Be3 Kb8 14. Ne4 Be7 15. g4 Bg6 16. 0-0-0 h6 17. Rhf1 f5 18. Nc3 fxg4 19. hxg4 e5 20. f5 Bh7 21. Ne4 Nf6 22. Rg1 Nxe4 23. dxe4 g5 24. Rxd8+ Rxd8 25. Rd1 Bd6 26. Bc5 b6 27. Bxd6 cxd6 28. Rh1 Bg8 29. Bxg8 Rxg8 30. Rxh6 Kc7 31. Rg6 Rh8 32. Rxg5 Rh4 33. Rg7+ Kc6 34. f6 Rh1+ 35. Kd2 Rf1 36. g5 d5 37. exd5+ Kxd5 38. Rxa7 Rf5 39. f7 Ke6 40. g6 1-0